000 00339nam a2200145Ia 4500
008 230312s9999||||xx |||||||||||||| ||und||
082 _a658.15
_bBLA-E
100 _aBlank, Leland
245 0 _aEngineering Economy
260 _bMcGraw Hill
_aNew York
300 _a770
546 _aEng.
650 _aAccounting
_vEquivalnce ,
942 _cBK
999 _c923
_d923